000 00777nac a2200241 a 4500
003 CO-PeBPM
005 20251118111421.0
008 251118s2012 ck a|||| |||| 00| 0 spa d
020 _a9789584613646
040 _aCO-PeBPM
_bspa
_cCO-PeBPM
_erda
041 _aspa
082 0 4 _a155.643 B642d
_222
100 1 _aBlandón Montes, Chiquinquirá
_eautor
245 1 0 _aEl duelo afectivo
_c/ Chiquinquirá Blandón Montes
250 _aPrimera edición
260 _aMedellín, Colombia
_b: Litotipo
_c, 2012
300 _a235 páginas
_bilustraciones en blanco y negro
_c21,5 centimetros
500 _aIncluye índice
504 _aIncluye bibliografía al final del texto
650 1 4 _aDuelo - Separación
_2LEMB
650 1 4 _aPérdida afectiva
_2LEMB
942 _2ddc
_cBK
_n0
999 _c106976
_d106976